Statistics for 冠位十二階

Click here to take the quiz!

General Stats

  • This quiz has been taken 44 times
  • The average score is 7 of 12

Answer Stats

Answer% Correct
大徳
94%
小徳
94%
大智
72%
小智
69%
大礼
66%
小礼
63%
大仁
59%
大義
59%
小仁
53%
小義
47%
大信
28%
小信
25%

Score Distribution

Percentile by Number Answered

Percent of People with Each Score

Your Score History

You have not taken this quiz